Normal view
MARC view
Entry Personal Name
001 - CONTROL NUMBER
- control field: 308259
003 - CONTROL NUMBER IDENTIFIER
- control field: DLC
005 - DATE AND TIME OF LATEST TRANSACTION
- control field: 20250102113919.0
008 - FIXED-LENGTH DATA ELEMENTS
- fixed length control field: 170605n| azannabbn |a aaa
010 ## - LIBRARY OF CONGRESS CONTROL NUMBER
- LC control number: n 2017032497
035 ## - SYSTEM CONTROL NUMBER
- System control number: (OCoLC)oca10841704
040 ## - CATALOGING SOURCE
- Original cataloging agency: DLC
- Language of cataloging: eng
- Description conventions: rda
- Transcribing agency: DLC
- Modifying agency: CSS
- Modifying agency: DLC
- Modifying agency: MY-SjTCS
046 ## - SPECIAL CODED DATES
- Birth date: 1984-10-28
- Source of date scheme: edtf
100 1# - HEADING--PERSONAL NAME
- Personal name: Erdemir, Ayse,
- Dates associated with a name: 1984-
373 ## - ASSOCIATED GROUP
- Associated group: Istanbul Commerce University, Turkey
374 ## - OCCUPATION
- Occupation: College teachers
- Source of term: lcsh
375 ## - GENDER
- Gender: female
377 ## - ASSOCIATED LANGUAGE
- Language code: eng
400 1# - SEE FROM TRACING--PERSONAL NAME
- Personal name: Kara, Ayse Simin,
- Dates associated with a name: 1984-
400 1# - SEE FROM TRACING--PERSONAL NAME
- Personal name: Simin Kara, Ayşe,
- Dates associated with a name: 1984-
670 ## - SOURCE DATA FOUND
- Source citation: Reputation management techniques in public relations, 2017:
- Information found: eCIP t.p. (Ayse Erdemir) data view screen (b. 10/28/1984)
670 ## - SOURCE DATA FOUND
- Source citation: Crisis communication in the digital age, 2019:
- Information found: title page (Ayse Simin Kara; assistant professor in the Public Relations and Advertising Department of Istanbul Commerce University. Previously published work on public relations, reputation management, advertising and marketing.)